| 000 | 00753nam a2200181 i 4500 | ||
|---|---|---|---|
| 001 | 23449 | ||
| 003 | ES-MaACL | ||
| 005 | 20230906152855.0 | ||
| 007 | t| | ||
| 008 | 021210s1900 sp ||||1| spa d | ||
| 110 | 2 |
_aEscuela de Artes y Oficios (Bilbao) _9134362 |
|
| 245 | 1 | 0 |
_aEscuela de Artes y Oficios de Bilbao _b: memoria relativa al curso de 1899 a 1900 / _cpresentada por ... José Allende y Plágaro en sesión pública celebrada para la repartición de premios en 7 de octubre de 1900. |
| 260 |
_aBilbao : _b[s.n.], _c1900 ( _fImp. de la Casa de Misericordia) |
||
| 300 |
_a44 p. ; _c21 cm. |
||
| 610 | 2 | 4 |
_aEscuela de Artes y Oficios (Bilbao)- _vMemorias. _9153306 |
| 700 | 1 |
_aAllende y Plágaro, José. _920018 |
|
| 852 |
_aES-MaACL _jT-958-F-1 |
||
| 999 |
_c23449 _d23449 |
||